LEADER 01077nam a2200253 i 4500 001 000000038636 003 CaOOAMICUS 005 20071108000000.0 008 071108s1968 it u000 u ita u 013 $a9228 040 $aSeMil$bita 100 1 $aWeiss, Peter <1916-1982>.$0(OLS)http://semarc/name/17431 240 10$aGesang vom.$0(OLS)http://semarc/title/402394 240 10$aLusitanischen Popanz.$0(OLS)http://semarc/title/54615 245 10$aCantata del fantoccio lusitano. Notte con ospiti /$cPeter Weiss. 260 $aTorino :$bGiulio Einaudi,$ccopyr. 1968. 300 $a108 p. ;$c19 cm. 490 0 $aCollezione di teatro ;$v123 650 4$aLetteratura drammatica tedesca.$0(OLS)http://semarc/subject/7743 830 0$aCollezione di teatro ;$v123.$0(OLS)http://semarc/title/6906 850 $aSeMil 852 $aSeMil$W1$xVenegono$y1$m1O I 34$j4791$B4791$CSeMilBibl$Z2$F4791 $81 996 $6245$aCantata del fantoccio lusitano. Notte con ospiti$9(OLS)http://semarc/title/54614 996 $6260$aTorino :$bGiulio Einaudi$9(OLS)http://semarc/publisher/29810 LEADER 01295nam a2200277 i 4500 001 000000210454 003 CaOOAMICUS 005 20160308000000.0 008 160308s1980 it u000 u ita u 013 $a189267 020 $a88-211-3927-1 040 $aSeMil$bita 245 10$aIstruzione ricorrente :$bla discontinuitą del processo di formazione /$cOCSE -CERI ; edizione italiana a cura di Mario Reguzzoni. 260 $aTorino :$bMarietti,$c1980. 300 $a90 p. ;$c23 cm. 490 0 $aProspettive internazionali dell'educazione ;$v3 650 4$aEducazione degli adulti.$0(OLS)http://semarc/subject/5337 700 1 $aReguzzoni, Mario.$0(OLS)http://semarc/name/42832 700 1 $aOrganizzazione per la cooperazione e lo sviluppo economici.$0(OLS)http://semarc/name/57399 830 0$aProspettive internazionali dell'educazione ;$v3.$0(OLS)http://semarc/title/44737 850 $aSeMil 852 $aSeMil$W1$xVenegono$y1$m2O V 158$j160901$B160901$CSeMilBibl$Z2$F210026 $81 961 $aLascito: Calori don Carlo 996 $6020$a88-211-3927-1$9(OLS)http://semarc/number/205426 996 $6245$aIstruzione ricorrente :$bla discontinuitą del processo di formazione$9(OLS)http://semarc/title/304211 996 $6260$aTorino :$bMarietti$9(OLS)http://semarc/publisher/29916